00457 2200157 4500001002100000008004100021035002000062245007400082100001800156260004100174300002200215020002200237084001700259082001100276990001200287INLIS000000000002903 IND  a0010-0925000250 a100 Ide Untuk Guru Mengembangkan Keterampilan BerfikircSteve Boukett aSteve Boukett aJakartabEsensi Erlangga Groupc2014 a208c(15 x 23 cm) a978-602-6849-34-8 a155.25 STE 1 a155.25 a0755300